Normal view
MARC view
- A.R.Khalid
Entry Personal Name
001 - CONTROL NUMBER
- control field: 151
003 - CONTROL NUMBER IDENTIFIER
- control field: Nust
005 - DATE AND TIME OF LATEST TRANSACTION
- control field: 20170508162030.0
008 - FIXED-LENGTH DATA ELEMENTS
- fixed length control field: 170508|| aca||aabn | a|a d
040 ## - CATALOGING SOURCE
- Original cataloging agency: Nust
- Transcribing agency: Nust
100 ## - HEADING--PERSONAL NAME
- Personal name: A.R.Khalid
670 ## - SOURCE DATA FOUND
- Source citation: Work cat.: (Nust)23629: A.R.Khalid, Fun-e-khabr newese (Urdu)
